Κατάλογος Βιβλιοθηκών Mediterranean College

Ο Τρόπος Παρουσίασης των Θεμάτων Αναπηρίας από τα ΜΜΕ/Τα Διαχρονικά Στερεότυπα, οι Προκαταλήψεις και η Δημοσιογραφική Δεοντολογία σε Θέματα Αναπηρίας (Record no. 8651)

MARC details
000 -LEADER
fixed length control field 01320cam a22001934a 4500
005 - ΗΜΕΡΟΜΗΝΙΑ ΚΑΙ ΩΡΑ ΤΕΛΕΥΤΑΙΑΣ ΕΝΗΜΕΡΩΣΗΣ
Πεδίο ελέγχου 20250605164342.0
008 - FIXED-LENGTH DATA ELEMENTS--GENERAL INFORMATION
Πεδίο ελέγχου σταθερού μήκους 250528s ||||||||||||||||||||||||d
035 ## - SYSTEM CONTROL NUMBER
System control number 23654
040 ## - ΠΗΓΗ ΚΑΤΑΛΟΓΟΓΡΑΦΗΣΗΣ
Φορέας πρωτότυπης καταλογογράφησης MC Athens Campus Library
Γλώσσα καταλογογράφησης Ελληνικά, Μοντέρνα (1453-)
Modifying agency MC Athens Campus Library
Κανόνες περιγραφικής καταλογογράφησης AACR2
245 1# - ΤΙΤΛΟΣ ΚΑΙ ΔΗΛΩΣΗ ΥΠΕΥΘΥΝΟΤΗΤΑΣ
Τίτλος Ο Τρόπος Παρουσίασης των Θεμάτων Αναπηρίας από τα ΜΜΕ/Τα Διαχρονικά Στερεότυπα, οι Προκαταλήψεις και η Δημοσιογραφική Δεοντολογία σε Θέματα Αναπηρίας
260 ## - PUBLICATION, DISTRIBUTION, ETC.
Date of publication, distribution, etc. 2011
300 ## - PHYSICAL DESCRIPTION
Extent 49
520 ## - SUMMARY, ETC.
Summary, etc. Εισαγωγή, Τα Διαχρονικά Στερεότυπα και Προκαταλήψεις, Άνθρωπος με Αναπηρία και ΜΜΕ, ΜΜΕ και Αναπηρία: Καλές και Κακές Πρακτικές, Η Έννοια της Θετικής Εικόνας, Τεχνολογία Προσβασιμότητας, Ορολογία, Δράσεις στον Τομέα Αναπηρία και ΜΜΕ (2006 Μέχρι Σήμερα), Προτάσεις, Ερωτηματολόγιο, Φωτογραφικό Υλικό ''Special Olympics 2011''.
700 1# - ΠΡΟΣΘΕΤΗ ΑΝΑΓΡΑΦΗ--ΦΥΣΙΚΟ ΠΡΟΣΩΠΟ
Personal name Κατσαούνη Χαρίκλεια
9 (RLIN) 9251
700 1# - ΠΡΟΣΘΕΤΗ ΑΝΑΓΡΑΦΗ--ΦΥΣΙΚΟ ΠΡΟΣΩΠΟ
Personal name Χατζηπαναγιώτου Δήμητρα
9 (RLIN) 9249
942 ## - ADDED ENTRY ELEMENTS (KOHA)
Koha item type Διπλωματική εργασία
Holdings
Τύπος τεκμηρίου Βιβλιοθήκη Τρέχουσα τοποθεσία Barcode Ημερομηνία απόκτησης Ταξιθετικό σύμβολο Αριθμός αντιτύπου Κατάσταση απόσυρσης Κατάσταση χαμένου Κατάσταση κατεστραμμένου Μη δανεισμός Σύνολο δανεισμών Ημερομηνία τελευταίας εμφάνισης Η τιμή ισχύει από
Διπλωματική εργασία MC Athens Campus Library MC Athens Campus Library 9780000086501 05/06/2025 BUS 2011 (15) 1           05/06/2025 05/06/2025

MC Athens Campus Library
Πατησίων 94 & Κοδριγκτώνος 13, 104 34
Πελλήνης 8 & Πατησίων 107, 112 51
Τ: +30 210 8899600

MC Thessaloniki Campus Library
Ίωνος Δραγούμη 21, 54625 | Ίωνος Δραγούμη 15, 54625
Τ: +30 2310 287779 – Τ: +30 2314 440300